| 000 | 00727nam a2200181 a 4500 | ||
|---|---|---|---|
| 001 | 000027480 | ||
| 005 | 20200930030850.0 | ||
| 008 | 110401s1941 dr 000 0 spa d | ||
| 040 |
_aDO-SdBNP _bspa _BNPHU |
||
| 110 | 1 |
_aRepública Dominicana _bSecretaría de Estado del Tesoro y comercio _954560 |
|
| 240 | 1 | 0 | _a[Leyes, etc.] |
| 245 | 1 | 0 | _aRecopilación de leyes para el regímen de las aduanas y relacionadas con el procedimiento para el cobro de impuestos fiscales /. |
| 260 |
_aCiudad Trujillo, República Dominicana : _bDirección General de Aduanas, _c1941. |
||
| 300 |
_a111 p. ; _c24 cm. |
||
| 300 |
_a112 p. ; _c24 cm. |
||
| 500 | _aIncluye referencias bibliográficas y notas al pie de las páginas | ||
| 049 | _aBNPD | ||
| 999 |
_c26972 _d26972 |
||